Visualizzazione normale
Vista MARC
- Neri Ennio
di Personal Name
Records bibliografici associati: 1
001 - CONTROL NUMBER
- control field: 6070
003 - CONTROL NUMBER IDENTIFIER
- control field: IT-RoPau
005 - DATE AND TIME OF LATEST TRANSACTION
- control field: 20131218173126.0
008 - FIXED-LENGTH DATA ELEMENTS
- fixed length control field: 131218|| aca||aabn | a|a d
040 ## - CATALOGING SOURCE
- Original cataloging agency: IT-RoPau
- Transcribing agency: IT-RoPau
100 ## - HEADING--PERSONAL NAME
- Personal name: Neri Ennio
- Dates associated with a name: Codice autore testo/musica SPICS: 13457
- Relator term: Autore testo/musica
- Name of part/section of a work: Addio signora
670 ## - SOURCE DATA FOUND
- Source citation: Work cat.: (IT-RoPau)102816: AA.VV. 794, Cantando all'italiana (Lp Rel St 19173)